000 00499nmm a2200157Ia 4500
008 251105s9999||||xx |||||||||||||||||und||
020 _a9789972428913
041 _aspa
100 _aLillyana Zusman, Lillyana
245 0 _aLos desórdenes de la conducta alimentaria :
_b Anorexia y bulimia
264 _a[Lima, Peru] :
_bPontificia Universidad Católica de Perú,
_c2009
300 _a108 páginas
650 _aMedicine
856 _uhttps://public.digitaliapublishing.com/a/9814
942 _cCF
999 _c97897
_d97897